• 首页
  • 本馆介绍
  • 公告通知
  • 最新文献
  • 馆藏检索
  • 电子资源
  • 读者导购
  • 参考咨询
  • 我的图书馆
  • 登录
  • 详细信息显示
  • 放入我的书架
  • 预约/预借图书
  • 作者相关作品
  • 分类相关作品
  • 丛书相关作品
  • 出版社相关作品

书目信息

  • 表格格式
  • 工作单格式
  • 卡片格式
题名:
药事管理学
    
 
作者: 孟锐 主编
分册:  
出版信息: 北京   科学出版社  2012
页数: 280页
开本: 28cm
丛书名:
单 册:
中图分类: R95
科图分类:
主题词: 药政管理--管理学--高等教育--教材
电子资源:
ISBN: 978-7-03-034852-4
000 01140nam0 2200253 450
001 012015000106
005 20150914161320.09
010    @a978-7-03-034852-4@dCNY39.80
100    @a20120815d2012 em y0chiy50 ea
101 0  @achi
102    @aCN@b110000
105    @ay z 000yy
106    @ar
200 1  @a药事管理学@Ayao shi guan li xue@f孟锐主编
205    @a3版
210    @a北京@c科学出版社@d2012
215    @a280页@d28cm
300    @a普通高等教育“十一五”国家级规划教材 中国科学院教材建设专家委员会规划教材 供药学、中药学、医药管理类专业用
330    @a本书内容共分三篇:第一篇为总论部分,主要介绍药事管理的基本要素与药事管理学的发展,药事管理组织体系与职能,国家药物政策与管理制度及药事管理法律体系等内容;第二篇为专论部分,主要介绍中药管理,特殊管理药品的管理,药包材、药品标识物、商标与广告管理及药品不良反应监测与上市后再评价等内容;第三篇为各论部分,主要介绍新药研究管理,药品注册管理,药品生产质量管理,药品流通质量管理及医疗机构药事管理等内容。
606 0  @a药政管理@x管理学@x高等教育@j教材
690    @aR95@v5
701  0 @a孟锐@Ameng rui@4主编
801  0 @aCN@b碧洲教育@c20150716
905    @a10447@f3@dR95@e98=3
    
    药事管理学/孟锐主编.-3版.-北京:科学出版社,2012
    280页;28cm
    普通高等教育“十一五”国家级规划教材 中国科学院教材建设专家委员会规划教材 供药学、中药学、医药管理类专业用
    
    ISBN 978-7-03-034852-4:CNY39.80
    本书内容共分三篇:第一篇为总论部分,主要介绍药事管理的基本要素与药事管理学的发展,药事管理组织体系与职能,国家药物政策与管理制度及药事管理法律体系等内容;第二篇为专论部分,主要介绍中药管理,特殊管理药品的管理,药包材、药品标识物、商标与广告管理及药品不良反应监测与上市后再评价等内容;第三篇为各论部分,主要介绍新药研究管理,药品注册管理,药品生产质量管理,药品流通质量管理及医疗机构药事管理等内容。
●
相关链接 在E读中查询图书 在五车中查询图书 在当当中查询图书 在豆瓣中查询图书


正题名:药事管理学     索取号:R95/98=3         预约/预借

序号 登录号 条形码 馆藏地/架位号 状态 备注
1 0870589   208705891   第二样本阅览室/ [索取号:R95/98=3] 在馆    
2 0870590   208705908   第三借阅区/ [索取号:R95/98=3] 在馆    
3 0870591   208705917   密集书库-生命科学系/ [索取号:R95/98=3] 在馆    
唐山师范学院图书馆 欢迎您!
大连网信软件有限公司© 版权所有